Afrykańskie państwa śródlądowe - Statystyki

Ogólne statystyki
  • Ten quiz został rozwiązany 97 razy
  • Średni wynik to 14 z 16
Statystyki odpowiedzi
# Odpowiedź % Poprawnych
13 Czad
96%
16 Niger
91%
15 Mali
90%
11 Sudan Południowy
90%
8 Rwanda
89%
9 Uganda
89%
1 Lesotho
86%
5 Zambia
86%
3 Botswana
84%
14 Burkina Faso
84%
12 Etiopia
82%
4 Zimbabwe
82%
7 Burundi
81%
2 Eswatini
80%
10 Republika Środkowoafrykańska
79%
6 Malawi
73%
Nie znaleziono quizów pasujących do podanych kryteriów
Rozkład punktacji
Procent ludzi z każdym wynikiem
Percentyl według liczby udzielonych odpowiedzi
Twoja historia wyników
Nie rozwiązałeś tego quizu